[Event "Cambridge op"]
[Site "Cambridge"]
[Date "2023.02.19"]
[Round "9"]
[White "Portheault, Benjamin"]
[Black "Warner, Nicholas"]
[Result "1-0"]
[WhiteElo "1498"]
[BlackElo "1735"]
[PlyCount "91"]
[EventDate "2023.02.15"]
[EventType "swiss"]
[EventRounds "9"]
[EventCountry "ENG"]
[SourceTitle "CBM 212 Extra"]
[Source "ChessBase"]
[SourceDate "2023.03.31"]
[SourceVersion "1"]
[SourceVersionDate "2023.03.31"]
[SourceQuality "1"]

1. Nf3 d5 2. b3 Bg4 3. Bb2 Nc6 4. Ne5 Nxe5 5. Bxe5 f6 6. Bb2 e5 7. g3 Qd7 8. h3 Be6 9. a3 Bd6 10. d3 Ne7 11. Nd2 Nf5 12. Bg2 c6 13. c4 0-0 14. 0-0 Bc5 15. d4 Bxd4 16. Bxd4 exd4 17. Qc2 c5 18. Rad1 Rac8 19. Rfe1 Ne7 20. Kh2 Bf5 21. Qc1 dxc4 22. bxc4 b6 23. Nf3 Qa4 24. e4 Be6 25. Bf1 Nc6 26. Nh4 Ne5 27. f4 Nxc4 28. g4 Ne3 29. Rd2 Nxf1+ 30. Rxf1 Bc4 31. Rg1 Be6 32. Nf5 Bxf5 33. gxf5 Rc7 34. Rg3 Qe8 35. Rdg2 Qxe4 36. h4 Qxf5 37. h5 h6 38. Qf1 Kh8 39. Qf3 Rg8 40. Rg6 Re7 41. Qg3 Re3 42. Rxh6+ Qh7 43. Rxh7+ Kxh7 44. Qg6+ Kh8 45. Qf7 Ree8 46. h6 1-0

[Event "BCF-chT4S 1920 (4NCL)"]
[Site "England"]
[Date "2019.11.10"]
[Round "2.96"]
[White "Beckett, Richard"]
[Black "Portheault, Benjamin"]
[Result "1-0"]
[WhiteElo "1634"]
[BlackElo "1502"]
[PlyCount "119"]
[EventDate "2019.11.09"]
[EventType "team-swiss"]
[EventRounds "11"]
[EventCountry "ENG"]
[SourceTitle "EXT 2022"]
[Source "ChessBase"]
[SourceDate "2021.10.06"]
[SourceVersion "1"]
[SourceVersionDate "2021.10.06"]
[SourceQuality "1"]
[WhiteTeam "Oxford V"]
[BlackTeam "Celtic Tigers II"]
[WhiteTeamCountry "ENG"]
[BlackTeamCountry "ENG"]

1. e4 c5 2. Nf3 g6 3. d4 cxd4 4. Nxd4 Nc6 5. Nc3 Bg7 6. Be3 Nf6 7. Bc4 0-0 8. f3 Qb6 9. Qd2 Qxb2 10. Rb1 Qa3 11. Ndb5 Qa5 12. Nd5 Qxd2+ 13. Kxd2 b6 14. Ndc7 Rb8 15. Rhd1 Bb7 16. Ke2 d6 17. a4 Ne8 18. Nd5 e6 19. Ndc7 Nxc7 20. Nxc7 Rfd8 21. Nb5 Bf8 22. Nxa7 Nxa7 23. Bxb6 Nc6 24. Bxd8 Nxd8 25. a5 Ra8 26. Ra1 Ba6 27. Bxa6 Rxa6 28. Rdb1 Nc6 29. Rb6 Rxa5 30. Rxa5 Nxa5 31. Kd3 Be7 32. Kc3 d5 33. exd5 exd5 34. Rb5 Bf6+ 35. Kd3 Nc6 36. f4 Kg7 37. c3 h6 38. Rxd5 g5 39. g3 Kg6 40. Rd6 Ne7 41. c4 Nc8 42. Ra6 Kg7 43. Ke4 Be7 44. Kd5 Bb4 45. f5 Ne7+ 46. Ke4 f6 47. g4 Bc5 48. Ra5 Bg1 49. h3 Kf7 50. c5 Bh2 51. Ra7 Ke8 52. Ra6 Kf7 53. c6 Nxc6 54. Rxc6 Be5 55. Kd5 Bf4 56. Rb6 Be5 57. Rb7+ Kg8 58. Ke6 Bd4 59. Rf7 Bc3 60. Rxf6 1-0

[Event "London Classic op U1600 8th"]
[Site "London"]
[Date "2016.12.11"]
[Round "5"]
[White "Martin, Desmond"]
[Black "Portheault, Benjamin"]
[Result "1/2-1/2"]
[WhiteElo "1112"]
[BlackElo "1427"]
[PlyCount "39"]
[EventDate "2016.12.09"]
[EventType "swiss"]
[EventRounds "5"]
[EventCountry "ENG"]
[SourceTitle "EXT 2019"]
[Source "ChessBase"]
[SourceDate "2018.10.10"]
[SourceVersion "1"]
[SourceVersionDate "2018.10.10"]
[SourceQuality "1"]

1. e4 e6 2. d3 d5 3. Nd2 Nf6 4. e5 Nfd7 5. d4 c5 6. c3 Nc6 7. Ngf3 Qb6 8. Nb3 Be7 9. g3 a5 10. a4 cxd4 11. cxd4 Bb4+ 12. Ke2 Qa7 13. Bd2 b6 14. Bg2 Ba6+ 15. Ke1 Rc8 16. Bf1 Rc7 17. Bxa6 Qxa6 18. Qe2 Qxe2+ 19. Kxe2 0-0 20. Rac1 1/2-1/2